Al-Bulga Fi`l-Hikme (Record no. 11486)

MARC details
000 -LEADER
fixed length control field 00598nam a2200241 a 4500
020 ## - INTERNATIONAL STANDARD BOOK NUMBER
ISBN
082 00 - DEWEY DECIMAL CLASSIFICATION NUMBER
Classification number 297.4
Author Cutter ARA1
100 ## - MAIN ENTRY--AUTHOR NAME
Author name Arabi, Ibn
245 ## - TITLE STATEMENT
Title Al-Bulga Fi`l-Hikme
Sub title Felsefede Yeterlilik.
260 ## - PUBLICATION, DISTRIBUTION, ETC. (IMPRINT)
Place of publication Istanbul
Name of publisher University of Istanbul
Year of publication 1969
300 ## - PHYSICAL DESCRIPTION
Number of Pages 288p
500 ## - GENERAL NOTE
General note includes index and biblioraphy
505 2# - FORMATTED CONTENTS NOTE
Formatted contents note Arabic-English
650 ## - SUBJECT ADDED ENTRY--TOPICAL TERM
Topical Term Sufism-Ibn Arabi
942 ## - ADDED ENTRY ELEMENTS (KOHA)
Koha item type Books
700 1# -
-- Arabi, Ibn
Holdings
Collection code Home library Current library Date acquired Cost, normal purchase price Full call number Accession Number Koha item type
  Henry Martyn Institute Library Henry Martyn Institute Library 08/01/2007 100.00 297.4 ARA1 015618 Books
                   Copyright © 2026 | Henry Martyn Institute | Hyderabad | TS-500052 | INDIA | Implemented by hmi.edu.in
Hit-Count:

Powered by Koha